000 00564nam a22002057a 4500
003 OSt
005 20140310183131.0
008 130220t xxu||||| |||| 00| 0 eng d
020 _a9789715845670
050 _aQH 308.2
_b.M285 2007
082 _aM 574
_bM266 2007
245 _aBreaking through biology :
_cMaƱosa, Susan
_blaboratory manual /
260 _aQuezon City :
_bC & E Publishing,
_c2007
300 _avi, 180 p.
_c26 cm.
521 _acollege students
526 _c1210L-1700L
541 _j1
562 _e1
942 _2lcc
_cBK
_kFIL
999 _c19154
_d19154